| 000 | 01219nam a2200265Ia 4500 | ||
|---|---|---|---|
| 999 |
_c36380 _d36380 |
||
| 001 | 2293 | ||
| 003 | GE_BSU | ||
| 005 | 20190430162022.0 | ||
| 008 | 181216s2009||||ge |||||||||||||| ||geo|| | ||
| 020 | _a9789994050758 | ||
| 040 | _cGE_BSU | ||
| 041 | _ageo | ||
| 080 | _a368.9.06+614.2 ვ–39 | ||
| 100 |
_aვერულავა, თენგიზ. _9556 |
||
| 245 |
_aჯანდაცვის ეკონომიკა და დაზღვევა: _bსახელმძღვ. / _cთენგიზ ვერულავა; .რედ. თ. ლობჟანიძე; საქართველოს უნ–ტი;ჯანდაცვის სკოლა. |
||
| 250 | _aმე-2 გამოც. | ||
| 264 |
_aთბილისი : _bსაქ–ს უნ–ტი, _c2009. |
||
| 300 |
_a776გვ. : _bცხრ., ნახ. ; _c23სმ. |
||
| 504 | _aბიბლიოგრ.: გვ. 760-776. | ||
| 653 | _aმედიცინა | ||
| 653 | _aჯანდაცვის ეკონომიკა | ||
| 653 | _aდაზღვევის ეკონომიკა | ||
| 700 |
_eრედაქტორი _9557 _aლობჟანიძე, თ. |
||
| 942 |
_cBK _2udc |
||